000 00436nam a2200157 i 4500
001 40340
003 ES-MaACL
005 20230906160210.0
007 t|
008 030305s1973 xxu ||||1| spa d
100 1 _aCarrasco Tomasetti, Isabel.
_935571
245 1 3 _aLa decisión fatal /
_cIsabel Carrasca Tomasetti.
260 _aMiami :
_bEd. Universal,
_c[1973]
300 _a108 p. ;
_c22 cm.
852 _aES-MaACL
_jC-55123
_bR.87993
999 _c40340
_d40340